[Event "Titled Tue 3rd Jan Late"]
[Site "chess.com INT"]
[Date "2025.06.03"]
[Round "3"]
[White "Tologon tegin, Semetei"]
[Black "Petrus, Adrian"]
[Result "0-1"]
[WhiteTitle "IM"]
[BlackTitle "CM"]
[WhiteElo "2313"]
[BlackElo "2203"]
[WhiteFideId "13800574"]
[BlackFideId "14573652"]
[EventDate "2025.06.03"]

1. b3 e5 2. Bb2 Nc6 3. c4 Nf6 4. e3 d5 5. cxd5 Nxd5 6. a3 Be6 7. d3 Be7 8. Nf3
f6 9. Be2 Qd7 10. O-O O-O-O 11. Nbd2 h5 12. b4 h4 13. d4 exd4 14. Nxd4 Nxd4 15.
Bxd4 Kb8 16. Ne4 h3 17. g3 Bf5 18. Nc5 Qc6 19. Bf3 Bxc5 20. bxc5 Qe6 21. Qb3 Be4
22. Bxe4 Qxe4 23. f3 Qe7 24. c6 Nb6 25. cxb7 Qd6 26. Rac1 Qd5 27. Qb4 Qd6 28.
Qb2 Rh5 29. a4 Rg5 30. Qc2 Rd7 31. a5 Rxa5 32. Ra1 Qb4 33. Rxa5 Qxa5 34. Ra1 Qb5
35. Qa2 a5 36. Qxa5 Qxa5 37. Rxa5 Kxb7 38. Rh5 Na4 39. Kf2 c5 40. Bxc5 Rd2+ 41.
Kf1 Rxh2 42. Bd4 Rh1+ 43. Kf2 Kc6 44. g4 Nb6 45. Bxb6 Kxb6 46. Kg3 Re1 47. e4
Kc6 48. Rxh3 Rd1 49. Rh7 g5 50. Rh6 Rd6 51. Rg6 Kd7 52. e5 fxe5 53. Rxg5 Re6 54.
Rg8 Ke7 55. Ra8 Kf6 56. Ra4 Kg5 57. Ra8 Rc6 58. Ra5 Kf6 59. Kh4 Rc1 60. Ra6+ Kf7
61. Kg5 Rc3 62. Rf6+ Ke7 63. Rf5 Re3 64. Kg6 e4 65. f4 Rg3 66. Re5+ Kd6 67. g5
e3 68. Kf6 Rf3 0-1

[Event "Titled Tue 3rd Jan Late"]
[Site "chess.com INT"]
[Date "2025.06.03"]
[Round "3"]
[White "Alvarado, Carlos"]
[Black "Ponizil, Cyril"]
[Result "1/2-1/2"]
[WhiteTitle "CM"]
[BlackTitle "IM"]
[WhiteElo "2032"]
[BlackElo "2450"]
[WhiteFideId "3800555"]
[BlackFideId "322202"]
[EventDate "2025.06.03"]

1. Nf3 d5 2. b3 c5 3. Bb2 Nc6 4. e3 a6 5. h3 Nf6 6. d3 h6 7. Nbd2 Bf5 8. Be2 Bh7
9. O-O e6 10. Ne5 Rc8 11. f4 Be7 12. Ndf3 O-O 13. Nxc6 Rxc6 14. Ne5 Rc8 15. Bf3
Nd7 16. Nxd7 Qxd7 17. Qe2 b5 18. Rad1 a5 19. c4 a4 20. bxa4 bxa4 21. cxd5 exd5
22. e4 d4 23. f5 Rfe8 24. Bc1 Bd6 25. Qf2 Qc7 26. Qh4 Bg3 27. Qg4 Bh2+ 28. Kh1
Qg3 29. Qh5 Qe5 30. Qg4 Kh8 31. Qh5 f6 32. Ba3 Bf4 33. Qh4 Bg5 34. Qe1 Be3 35.
Bh5 Red8 36. Bf7 Bg8 37. Bxg8 Kxg8 38. Bc1 Bg5 39. Qa5 c4 40. Qxa4 c3 41. Rde1
Bxc1 42. Rxc1 Kh7 43. Rc2 Ra8 44. Qc6 Rdc8 45. Qb7 Rcb8 46. Qf7 Qe8 47. Qc4 Qd7
48. Rff2 Rb1+ 49. Kh2 Qd6+ 50. g3 Rab8 51. Rce2 R1b2 52. Kg2 Qe7 53. e5 Rxe2 54.
Rxe2 fxe5 55. Qd5 Qb7 56. Qxb7 Rxb7 57. Rxe5 Rb2+ 58. Kf3 Rxa2 59. Rc5 Kg8 60.
Rc7 Rh2 61. h4 Ra2 62. Rc4 Kf7 63. Rxd4 Rd2 64. Ke3 Rd1 65. Rc4 Re1+ 66. Kf2 Rc1
67. Ke3 c2 68. Rc7+ Kf6 69. Kd2 Rg1 70. Rxc2 Rxg3 71. Kc3 Kxf5 72. Rf2+ Kg4 73.
Rd2 Kxh4 74. Kc4 g5 75. d4 Rg4 76. Kc5 Kg3 77. d5 Rf4 78. d6 Rf8 79. d7 Rd8 80.
Kd6 g4 81. Ke7 Rxd7+ 82. Kxd7 h5 83. Ke6 h4 84. Kf5 h3 85. Rd4 h2 86. Rxg4+ Kf3
87. Rh4 Kg3 88. Rxh2 Kxh2 1/2-1/2

[Event "Titled Tue 3rd Jan Late"]
[Site "chess.com INT"]
[Date "2025.06.03"]
[Round "3"]
[White "Panarin, Mikhail"]
[Black "Metin, Enis"]
[Result "0-1"]
[WhiteTitle "GM"]
[WhiteElo "2562"]
[BlackElo "2169"]
[WhiteFideId "4153251"]
[BlackFideId "26306948"]
[EventDate "2025.06.03"]

1. e4 c5 2. Nf3 d6 3. d4 cxd4 4. Nxd4 Nf6 5. Nc3 g6 6. Be3 Nc6 7. f3 h5 8. Be2
Bg7 9. O-O O-O 10. Nd5 Bd7 11. c4 Rc8 12. Rc1 e6 13. Nc3 a6 14. Rf2 Qe7 15. Qd2
Rfe8 16. Nxc6 Bxc6 17. Bg5 Qc7 18. Bf1 Nd7 19. Rd1 Be5 20. Nd5 exd5 21. exd5 Ba4
22. b3 Nc5 23. bxa4 Nxa4 24. f4 Bc3 25. Qc2 b5 26. f5 Kg7 27. cxb5 Nb2 28. Rdd2
axb5 29. fxg6 fxg6 30. h4 Re1 31. Kh2 Be5+ 32. g3 Qxc2 33. Rxc2 Rxc2 34. Rxc2
Rxf1 35. Rc7+ Kf8 36. Rc8+ Kg7 37. Rc7+ Rf7 38. Bh6+ Kg8 39. Rc8+ Kh7 40. Bg5
Rf2+ 41. Kg1 Rf3 42. Rc7+ Kg8 43. Rc8+ Kf7 44. Rc7+ Ke8 45. Kg2 Rxg3+ 46. Kf2
Rc3 47. Rb7 Rc2+ 48. Kf3 Nc4 49. Rxb5 Rc3+ 50. Ke2 Na3 51. Rb8+ Kd7 52. Bh6 Rc2+
53. Kd3 Rxa2 54. Rg8 Nb5 55. Rxg6 Kc7 56. Be3 Kb7 57. Rh6 Ra3+ 58. Kd2 Bc3+ 59.
Ke2 Bb2 60. Rh7+ Ka6 61. Rxh5 Nc3+ 62. Kd2 Ne4+ 63. Kc2 Kb5 64. Bf4 Bd4 65. Rh7
Kc4 66. Rc7+ Kxd5 67. h5 Ra2+ 68. Kb1 Rb2+ 69. Kc1 Rf2 70. Bh6 Rh2 71. Rf7 Rxh5
72. Bf4 Rh1+ 73. Kc2 Rf1 74. Rf5+ Be5 75. Rf8 Rxf4 76. Ra8 Rf2+ 77. Kd3 Rd2+ 78.
Ke3 Bd4+ 79. Kf3 Rf2+ 80. Kg4 Be5 81. Ra5+ Nc5 82. Ra4 Rf4+ 83. Kg5 Rxa4 0-1

[Event "Titled Tue 3rd Jan Late"]
[Site "chess.com INT"]
[Date "2025.06.03"]
[Round "3"]
[White "Bogaudinov, Rushan"]
[Black "Sadubayev, Airat"]
[Result "0-1"]
[WhiteTitle "FM"]
[BlackTitle "FM"]
[WhiteElo "1912"]
[BlackElo "2211"]
[WhiteFideId "4129288"]
[BlackFideId "13713264"]
[EventDate "2025.06.03"]

1. e4 c6 2. d4 d5 3. e5 Bf5 4. c4 e6 5. Nc3 Bb4 6. Qb3 Qa5 7. a3 Bxc3+ 8. bxc3
Qb6 9. Qa2 Ne7 10. a4 O-O 11. Ba3 Re8 12. c5 Qc7 13. Nf3 Nd7 14. Be2 b6 15. cxb6
axb6 16. Bd6 Qa7 17. Nh4 Be4 18. O-O Nc8 19. f3 Bg6 20. f4 Nxd6 21. exd6 Qb8 22.
Qa3 c5 23. Bb5 Qxd6 24. f5 exf5 25. Nxf5 Bxf5 26. Rxf5 Re7 27. Rd1 Nf6 28. h3 h6
29. dxc5 Qxc5+ 30. Qxc5 bxc5 31. Rxf6 gxf6 32. Rxd5 Re5 33. Rd6 Kg7 34. c4 Re2
35. Rd5 Rc8 36. a5 Rc7 37. a6 Ra2 38. Kh2 Re7 39. Rxc5 Ree2 40. Bc6 Rxa6 41. Bf3
Re7 42. Rb5 Ra2 43. c5 Rc2 44. c6 Re3 45. Kg3 Rxc6 46. Kf2 Rce6 47. Rb2 Re7 48.
Rd2 R3e5 49. Rc2 Ra7 50. Rb2 Rea5 51. Kg3 Ra2 52. Rb4 R2a3 53. Rg4+ Kf8 54. Rh4
R3a4 55. Rxh6 Kg7 56. Rh5 R7a5 57. Rxa5 Rxa5 58. Kf2 f5 59. Kg3 Kf6 60. Kf4 Ra4+
61. Kg3 Kg5 62. Kf2 Ra2+ 63. Kg3 f4+ 64. Kh2 Rb2 65. Bd5 f6 66. Bc6 Kf5 67. Bf3
Ke5 68. Bg4 Ke4 69. Bf3+ Ke3 70. Bc6 Rc2 71. Bd5 Rc5 72. Bf3 Rg5 73. Bg4 Rg7 74.
Bf3 Rg8 75. Bd5 Rd8 76. Bc6 Rd2 77. Bb7 Rf2 78. Bc6 Rd2 79. Bb7 Rd4 80. Bc6 f5
81. Bf3 Rb4 82. Bd5 Re4 83. Bc6 f3 84. gxf3 Rc4 0-1

[Event "Titled Tue 3rd Jan Late"]
[Site "chess.com INT"]
[Date "2025.06.03"]
[Round "3"]
[White "Holinka, Henning"]
[Black "Garg, Priyansh"]
[Result "1/2-1/2"]
[WhiteTitle "FM"]
[WhiteElo "2303"]
[BlackElo "2102"]
[WhiteFideId "12967084"]
[BlackFideId "30984696"]
[EventDate "2025.06.03"]

1. Nf3 Nf6 2. g3 d5 3. Bg2 Bf5 4. O-O e6 5. b3 Nc6 6. Bb2 Bd6 7. d4 O-O 8. Nbd2
Re8 9. Ne5 Nd7 10. Nxd7 Qxd7 11. e4 Bg6 12. e5 Bf8 13. c3 a5 14. f4 a4 15. Qf3
axb3 16. axb3 Na5 17. b4 Qb5 18. Rfd1 Nc4 19. Bf1 Nxd2 20. Rxd2 Rxa1 21. Bxa1
Qa4 22. Qd1 Ra8 23. Qxa4 Rxa4 24. Bb2 c6 25. Be2 b5 26. Bd1 Ra7 27. Kf2 Be7 28.
Ke3 Bd8 29. g4 Be4 30. Rf2 Ra6 31. Bb3 Bh4 32. Rf1 f5 33. exf6 gxf6 34. Ra1 Rxa1
35. Bxa1 h6 36. Bb2 f5 37. gxf5 Bxf5 38. Bc1 Kg7 39. Bd2 Kg6 40. Bd1 h5 41. Be2
Be7 42. Bf3 Bg4 43. Bg2 Bd6 44. Be1 Kf5 45. Bg3 h4 46. Bxh4 Bxf4+ 47. Kd3 Bxh2
48. Be7 Kg6 49. Bd8 Bf4 50. Be7 Bf5+ 51. Ke2 Kh5 52. Bd8 Kg4 53. Bf3+ Kg3 54.
Be7 Bc1 55. Bd6+ Kh4 56. Be7+ Kg3 57. Bd6+ Kh3 58. Be5 Bg5 59. Bd6 Bg4 60. Bxg4+
Kxg4 61. Kd3 Kf5 62. Bc7 Bf4 63. Bd8 Kg4 64. Be7 Kf5 65. Bd8 Bd6 66. Bh4 e5 67.
dxe5 Bxe5 68. Bf2 Ke6 69. Bc5 Bd6 70. Be3 Ke5 71. Bd4+ Kf5 72. Bg1 Be5 73. Bf2
Bf6 74. Bc5 Ke6 75. Bf2 Kd6 76. Ba7 Bd8 77. Bb8+ Bc7 78. Ba7 Bd8 79. Bc5+ Kd7
80. Bf2 Kc7 81. Be3 Kb7 82. Bf2 Bb6 83. Bg3 Kc8 84. Bf4 Kd7 85. Be5 Ke6 86. Bg3
Kf5 87. Bd6 Kg4 88. Bf8 Kf3 89. Be7 Kf2 90. Bf8 Ke1 91. Be7 Kd1 92. Bf6 Kc1 93.
Be5 Bd8 94. Bd4 Kb2 95. Be5 Kb3 96. Bd4 Bh4 97. Be5 Be7 98. Bd4 Bxb4 99. cxb4
Kxb4 100. Bc3+ Kb3 101. Bd4 b4 102. Bc5 Ka4 103. Kc2 Kb5 104. Bf8 Kc4 105. Kb2
c5 106. Bg7 d4 107. Bf6 Kd3 108. Kb3 c4+ 109. Kxb4 c3 110. Kb3 Ke2 111. Bxd4 Kd3
112. Bxc3 1/2-1/2

[Event "Titled Tue 3rd Jan Late"]
[Site "chess.com INT"]
[Date "2025.06.03"]
[Round "3"]
[White "Sroczynski, Maciej"]
[Black "Feng, Eric"]
[Result "1/2-1/2"]
[WhiteTitle "FM"]
[WhiteElo "2236"]
[BlackElo "2126"]
[WhiteFideId "1121472"]
[BlackFideId "30952590"]
[EventDate "2025.06.03"]

1. d4 Nf6 2. c4 e6 3. Nf3 d5 4. Nc3 Be7 5. Bg5 O-O 6. e3 b6 7. cxd5 exd5 8. Be2
Nbd7 9. Kf1 Bb7 10. g3 Ne4 11. Bxe7 Qxe7 12. Kg2 a6 13. Rc1 Rac8 14. Qa4 Rfd8
15. Rhd1 c5 16. dxc5 Ndxc5 17. Qc2 Re8 18. Nd4 Ne6 19. Qd3 Qf6 20. Rf1 N4c5 21.
Qd1 h6 22. h4 Rcd8 23. Bf3 Qe7 24. Nce2 Ne4 25. a3 Rc8 26. Qd3 N6c5 27. Qd1 b5
28. Nf4 Na4 29. Qe2 Nb6 30. Rfd1 Nc4 31. Nb3 Rcd8 32. Rd4 f5 33. h5 Ne5 34. Rcd1
Nxf3 35. Qxf3 Ng5 36. Qe2 Ne6 37. Nxe6 Qxe6 38. Nc5 Qc6 39. Nxb7 Qxb7 40. Qf3
Re5 41. Rc1 Qf7 42. Rc5 Kh7 43. b4 Rd6 44. Rf4 Qe6 45. Qd1 Re4 46. Qf3 Rxf4 47.
Qxf4 Qe4+ 48. Qxe4 fxe4 49. g4 Kg8 50. Rc7 d4 51. exd4 Rxd4 52. Rc6 Rd2 53. Kf1
Kf7 54. Rxa6 Rd3 55. Ra5 Kf6 56. Rxb5 Rxa3 57. Rf5+ Ke6 58. b5 Rb3 59. Kg2 Kd6
60. Rf7 Rxb5 61. Rxg7 Rb2 62. Kg3 Ke5 63. Re7+ Kd5 64. Rh7 Rb3+ 65. Kg2 Rb2 66.
Kf1 Rb1+ 67. Ke2 Rb2+ 68. Ke3 Rb3+ 69. Ke2 Rb2+ 70. Kf1 Rb1+ 71. Kg2 Rb2 72.
Rd7+ Ke5 73. Re7+ Kf4 74. Rf7+ Kxg4 75. Re7 Rb4 76. Re5 Kf4 77. Re6 Kg5 78. Re5+
Kf6 79. Re8 Rc4 80. Kg3 Kg5 81. Re5+ Kf6 82. Re8 Rc3+ 83. Kf4 Rf3+ 84. Kxe4 Rh3
85. Rg8 Rxh5 86. f4 Ra5 87. Kf3 Kf5 88. Rf8+ Kg6 89. Rb8 Ra4 90. Kg3 Ra6 91. Rb5
h5 92. Rg5+ Kh6 93. Re5 Kg6 94. Rg5+ Kh6 95. Re5 Rc6 96. Kh4 Kg6 97. Rg5+ Kf6
98. Kxh5 Rc1 99. Rg6+ Kf5 100. Rg5+ Kxf4 101. Ra5 Rg1 102. Kh6 Ke4 103. Rb5 Kf4
104. Kh7 Rg3 105. Kh8 Rg2 106. Rb4+ Kf5 107. Rb5+ Kf6 108. Rb6+ Kf7 109. Rb7+
Ke8 110. Rb8+ Kd7 111. Rg8 Re2 112. Kg7 Re7+ 113. Kf6 Re1 114. Rg7+ Kd6 115. Rg6
Rf1+ 116. Kg7+ Ke7 117. Ra6 Rg1+ 118. Kh6 Kf7 119. Ra7+ Kf6 120. Ra6+ Kf5 121.
Ra5+ Kf6 122. Ra6+ Ke5 123. Ra5+ Kd4 124. Ra6 Rh1+ 125. Kg7 Rg1+ 126. Rg6 Rf1
127. Rf6 Re1 128. Kf7 Kd5 129. Kg6 Ke5 130. Rf5+ Ke6 131. Rf6+ Ke7 132. Rf3 Rg1+
133. Kh5 Ke6 134. Kh4 Ke5 135. Rf8 Ke6 136. Kh3 Ke7 137. Rf2 Rg8 138. Kh2 Ke6
139. Kh3 Ke5 140. Kh2 Ke4 141. Rf7 Ke5 142. Rf2 Rg6 143. Rg2 Rh6+ 144. Kg1 Kf4
145. Kf2 Ra6 146. Kg1 Ra1+ 147. Kh2 Ra7 148. Rf2+ Ke3 149. Rf8 Rg7 150. Kh3 Rh7+ 1/2-1/2

[Event "Titled Tue 3rd Jan Late"]
[Site "chess.com INT"]
[Date "2025.06.03"]
[Round "4"]
[White "Sethuraman, Roshan"]
[Black "Levano Loayza, Adriano Jaffet"]
[Result "1-0"]
[BlackTitle "CM"]
[WhiteElo "2074"]
[BlackElo "2049"]
[WhiteFideId "30965250"]
[BlackFideId "3865584"]
[EventDate "2025.06.03"]

1. e4 c5 2. Nf3 d6 3. d4 cxd4 4. Nxd4 Nf6 5. Nc3 Nc6 6. f3 e5 7. Nb3 Be7 8. Be3
Be6 9. Qd2 d5 10. exd5 Nxd5 11. Nxd5 Qxd5 12. O-O-O O-O-O 13. Qxd5 Bxd5 14. Bb5
f5 15. Bxc6 Bxc6 16. Bxa7 Kc7 17. Be3 e4 18. fxe4 Bxe4 19. Nd4 Bf6 20. Ne6+ 1-0

[Event "Titled Tue 3rd Jan Late"]
[Site "chess.com INT"]
[Date "2025.06.03"]
[Round "4"]
[White "Dilmukhametov, Artur"]
[Black "Pribelszky, Bence"]
[Result "0-1"]
[WhiteTitle "FM"]
[BlackTitle "IM"]
[WhiteElo "2276"]
[BlackElo "2400"]
[WhiteFideId "24179922"]
[BlackFideId "769738"]
[EventDate "2025.06.03"]

1. Nf3 d5 2. g3 c5 3. Bg2 Nc6 4. d4 Nf6 5. dxc5 e6 6. c4 Bxc5 7. cxd5 Nxd5 8. e4
Ndb4 9. Qxd8+ Nxd8 10. Na3 Nd3+ 11. Ke2 Nxf2 12. Rf1 Nxe4 13. Nb5 Bb6 14. Ne5
Nf6 15. Nd6+ Ke7 16. Ndxf7 Nxf7 17. Nxf7 Kxf7 18. Bd2 Bd7 19. Bc3 Bb5+ 0-1

[Event "Titled Tue 3rd Jan Late"]
[Site "chess.com INT"]
[Date "2025.06.03"]
[Round "4"]
[White "Ristic, Nebojsa M"]
[Black "Tekeyev, Zaur"]
[Result "0-1"]
[WhiteTitle "IM"]
[BlackTitle "IM"]
[WhiteElo "2248"]
[BlackElo "2417"]
[WhiteFideId "900850"]
[BlackFideId "4199731"]
[EventDate "2025.06.03"]

1. d4 Nf6 2. Bf4 e6 3. e3 c5 4. Nf3 cxd4 5. exd4 b6 6. Nbd2 Be7 7. Bd3 Ba6 8.
Bxa6 Nxa6 9. Qe2 Nc7 10. Ne5 Qc8 11. Nec4 Ncd5 12. Nd6+ Bxd6 13. Bxd6 Qxc2 14.
O-O Qc6 15. Ba3 Nf4 16. Qf3 Qxf3 17. Nxf3 Rc8 18. Rac1 Rxc1 19. Rxc1 Ne2+ 20.
Kf1 Nxc1 0-1

[Event "Titled Tue 3rd Jan Late"]
[Site "chess.com INT"]
[Date "2025.06.03"]
[Round "4"]
[White "Khegay, Yuliya"]
[Black "Wuebker, Paul-Luca"]
[Result "0-1"]
[WhiteTitle "WFM"]
[BlackTitle "CM"]
[WhiteElo "1879"]
[BlackElo "2244"]
[WhiteFideId "14205394"]
[BlackFideId "12939528"]
[EventDate "2025.06.03"]

1. e4 c5 2. Nc3 Nc6 3. g3 g6 4. d3 Bg7 5. Nge2 e5 6. Be3 b6 7. Qd2 Nd4 8. Bg2 d5
9. Nxd5 Bh3 10. Bxd4 Bxg2 11. Rg1 Bxe4 12. dxe4 exd4 13. Qf4 Rc8 14. O-O-O Bh6 0-1

[Event "Titled Tue 3rd Jan Late"]
[Site "chess.com INT"]
[Date "2025.06.03"]
[Round "4"]
[White "Antoniou, Rafail"]
[Black "Elier, Ali"]
[Result "1-0"]
[WhiteTitle "CM"]
[BlackTitle "CM"]
[WhiteElo "2134"]
[BlackElo "2142"]
[WhiteFideId "5904390"]
[BlackFideId "16217543"]
[EventDate "2025.06.03"]

1. c4 Nf6 2. Nf3 c6 3. Nc3 d5 4. e3 g6 5. b3 Bg7 6. Bb2 O-O 7. d4 Bf5 8. Be2 Ne4
9. O-O Nxc3 10. Bxc3 a5 11. h3 a4 12. bxa4 Be6 13. c5 b6 14. cxb6 Qxb6 15. a5
Qc7 16. Qd2 Nd7 17. Rfc1 Rfc8 18. a6 Nb6 19. Ba5 Qa7 20. Rab1 Nc4 21. Bxc4 dxc4
22. Rb6 Rab8 23. Rcb1 Rxb6 24. Rxb6 Bd5 25. Qb4 Bf6 26. Qc5 Ra8 27. Ne5 e6 28.
Nxc6 Kg7 29. Nxa7 1-0

[Event "Titled Tue 3rd Jan Late"]
[Site "chess.com INT"]
[Date "2025.06.03"]
[Round "4"]
[White "Gelman, Alexander"]
[Black "Hernandez Leon, Sergio"]
[Result "0-1"]
[WhiteTitle "IM"]
[BlackTitle "CM"]
[WhiteElo "2403"]
[BlackElo "2106"]
[WhiteFideId "4118316"]
[BlackFideId "2285622"]
[EventDate "2025.06.03"]

1. d4 f5 2. Nc3 Nf6 3. Bg5 d5 4. f3 e6 5. e4 Be7 6. e5 Nfd7 7. Bxe7 Qxe7 8. f4
a6 9. Nf3 c5 10. Qd2 Nc6 11. O-O-O c4 12. h3 b5 13. g4 O-O 14. gxf5 Rxf5 15. Ne2
b4 16. Ng3 Rf8 17. f5 exf5 18. Qf4 Nb6 19. h4 a5 20. Bh3 a4 21. Rdg1 c3 22. bxc3
bxc3 23. Nxf5 Bxf5 24. Bxf5 Nc4 25. Ng5 Rxf5 0-1

[Event "Titled Tue 3rd Jan Late"]
[Site "chess.com INT"]
[Date "2025.06.03"]
[Round "4"]
[White "Garcia Correa, Jose Ricardo"]
[Black "Makaraci, Tunahan"]
[Result "0-1"]
[WhiteTitle "FM"]
[BlackTitle "FM"]
[WhiteElo "2103"]
[BlackElo "2233"]
[WhiteFideId "5101832"]
[BlackFideId "6356559"]
[EventDate "2025.06.03"]

1. e4 c5 2. Nf3 e6 3. d4 cxd4 4. Nxd4 Nc6 5. Nxc6 bxc6 6. Nc3 d5 7. Bd3 Nf6 8.
Qe2 Be7 9. O-O O-O 10. b3 Bb7 11. Bb2 c5 12. e5 Nd7 13. Nd1 a5 14. a4 Nb6 15. f4
Rc8 16. Rf3 g6 17. Bb5 d4 18. Rh3 Nd5 19. Qg4 Nb4 20. Rc1 Be4 21. Bd3 Nxd3 22.
cxd3 Bf5 23. Qg3 Bxh3 24. Qxh3 Qd5 25. Nf2 Qxb3 26. Ne4 Qxb2 27. Rf1 Qe2 28.
Nf6+ Bxf6 29. exf6 Qe3+ 0-1

[Event "Titled Tue 3rd Jan Late"]
[Site "chess.com INT"]
[Date "2025.06.03"]
[Round "4"]
[White "Gyurjinyan, Valter"]
[Black "Swara Lakshmi S Nair"]
[Result "1-0"]
[WhiteTitle "CM"]
[BlackTitle "WCM"]
[WhiteElo "2208"]
[BlackElo "2178"]
[WhiteFideId "13318179"]
[BlackFideId "25629239"]
[EventDate "2025.06.03"]

1. e4 c5 2. Nf3 d6 3. d4 cxd4 4. Nxd4 Nf6 5. Nc3 Nc6 6. Bg5 e6 7. Qd2 Be7 8.
O-O-O a6 9. f4 Bd7 10. Bxf6 gxf6 11. Kb1 Qa5 12. Be2 O-O-O 13. Nb3 Qc7 14. Bf3
Kb8 15. Rhe1 Rc8 16. Nd5 exd5 17. exd5 Ne5 18. fxe5 fxe5 19. c3 f5 20. Nd4 exd4
21. Rxe7 dxc3 22. Qxc3 Qd8 23. Qf6 Rf8 24. Qxd6+ Rc7 25. Rxd7 Qxd7 26. Qxf8+ Ka7
27. d6 Rc8 28. Qe7 Qc6 29. Bxc6 1-0

[Event "Titled Tue 3rd Jan Late"]
[Site "chess.com INT"]
[Date "2025.06.03"]
[Round "4"]
[White "Mai, Alexander Oliver"]
[Black "Fedorov, Artem Alek"]
[Result "0-1"]
[BlackTitle "CM"]
[WhiteElo "2171"]
[BlackElo "2198"]
[WhiteFideId "2313391"]
[BlackFideId "34418431"]
[EventDate "2025.06.03"]

1. e4 c5 2. Nf3 e6 3. d4 cxd4 4. Nxd4 Nf6 5. Nc3 Nc6 6. Bf4 Bc5 7. Ndb5 O-O 8.
Bd6 Qb6 9. Bxc5 Qxc5 10. Qd6 Qb6 11. O-O-O a6 12. Nc7 Ra7 13. e5 Ng4 14. Ne4
Nxf2 15. Nxf2 Qxf2 16. Bd3 Qf4+ 17. Kb1 Qxe5 18. Qxe5 Nxe5 19. Rhe1 Nc6 0-1

[Event "Titled Tue 3rd Jan Late"]
[Site "chess.com INT"]
[Date "2025.06.03"]
[Round "4"]
[White "Schuster, Karsten"]
[Black "Zepeda Berlanga, Jan Enrique"]
[Result "1-0"]
[WhiteTitle "FM"]
[BlackTitle "CM"]
[WhiteElo "2266"]
[BlackElo "1941"]
[WhiteFideId "4611071"]
[BlackFideId "5132355"]
[EventDate "2025.06.03"]

1. e4 e5 2. Bc4 Nc6 3. d3 Bc5 4. Nf3 Nf6 5. O-O d6 6. Bg5 h6 7. Bh4 g5 8. Bg3
Bg4 9. Nbd2 Qd7 10. c3 O-O-O 11. b4 Bb6 12. a4 a5 13. Bb5 h5 14. Qb3 Be6 15. Nc4
h4 16. Bxe5 dxe5 17. Nfxe5 Qe8 18. Bxc6 bxc6 19. bxa5 Bxa5 20. Rab1 Bb6 21.
Nxb6+ cxb6 22. Qxb6 1-0

[Event "Titled Tue 3rd Jan Late"]
[Site "chess.com INT"]
[Date "2025.06.03"]
[Round "4"]
[White "Annaberdiyev, Babageldi"]
[Black "Rustemov, Alexander"]
[Result "0-1"]
[WhiteTitle "FM"]
[BlackTitle "GM"]
[WhiteElo "2208"]
[BlackElo "2525"]
[WhiteFideId "14000385"]
[BlackFideId "4119002"]
[EventDate "2025.06.03"]

1. e4 e6 2. d4 d5 3. e5 c5 4. c3 Bd7 5. Nf3 Ne7 6. a3 Nbc6 7. b4 c4 8. a4 a6 9.
Be2 h6 10. O-O b5 11. a5 Nxb4 12. cxb4 Nc6 13. Ba3 Bxb4 14. Bxb4 Nxb4 15. Nc3
Nc6 16. Qd2 O-O 17. Nd1 b4 18. Ne3 Rb8 19. Bxc4 dxc4 20. Nxc4 Ne7 21. Nb6 Bc6
22. Ne1 Bb5 23. Nf3 Bxf1 24. Kxf1 Nd5 25. Nc4 Qc7 26. Ne3 Nxe3+ 27. fxe3 b3 28.
Rb1 Rfc8 29. Ke2 Rb5 0-1

[Event "Titled Tue 3rd Jan Late"]
[Site "chess.com INT"]
[Date "2025.06.03"]
[Round "4"]
[White "Sivakumar, Ashvin"]
[Black "Araujo Filho, Luiz Antonio Coel"]
[Result "0-1"]
[WhiteTitle "FM"]
[WhiteElo "2175"]
[BlackElo "2077"]
[WhiteFideId "5804655"]
[BlackFideId "2130661"]
[EventDate "2025.06.03"]

1. c4 f5 2. d4 Nf6 3. Nc3 g6 4. Nf3 Bg7 5. g3 O-O 6. Bg2 d6 7. O-O Nc6 8. Re1 e5
9. d5 Ne7 10. e4 h6 11. b4 g5 12. a4 f4 13. Nd2 a6 14. c5 Qe8 15. Nc4 Ng4 16. f3
Nxh2 17. Kxh2 Qh5+ 18. Kg1 fxg3 19. Ne3 Qh2+ 20. Kf1 Ng6 21. Ra2 Nf4 22. Ng4
Bxg4 23. Bxf4 Rxf4 0-1

[Event "Titled Tue 3rd Jan Late"]
[Site "chess.com INT"]
[Date "2025.06.03"]
[Round "4"]
[White "Yanev, Tihomir"]
[Black "Sapocinic, Semion"]
[Result "1-0"]
[WhiteTitle "IM"]
[BlackTitle "FM"]
[WhiteElo "2354"]
[BlackElo "2309"]
[WhiteFideId "2910110"]
[BlackFideId "13908693"]
[EventDate "2025.06.03"]

1. e4 e5 2. Nf3 d6 3. Bc4 Be7 4. O-O Nf6 5. Re1 O-O 6. h3 Nc6 7. d3 Na5 8. Bb3
Nxb3 9. axb3 h6 10. c4 Nd7 11. Nc3 Nc5 12. b4 Ne6 13. b5 Bf6 14. Be3 b6 15. Nd5
Bb7 16. Qd2 a6 17. bxa6 Rxa6 18. Rxa6 Bxa6 19. Ra1 Bb7 20. b4 Kh7 21. Ra7 Bxd5
22. cxd5 Ng5 23. Bxg5 hxg5 24. Qc1 b5 25. Rxc7 Qa8 26. Nxg5+ Bxg5 27. Qxg5 Qa1+
28. Kh2 Qd4 29. Qe7 Kg8 30. Qxd6 Qxd3 31. Qxe5 Qd2 32. d6 Rd8 33. d7 Kh7 34.
Qf5+ Kg8 35. Rc8 1-0

[Event "Titled Tue 3rd Jan Late"]
[Site "chess.com INT"]
[Date "2025.06.03"]
[Round "4"]
[White "Woodward, Andy"]
[Black "Horobetz, Graham"]
[Result "1-0"]
[WhiteTitle "GM"]
[WhiteElo "2547"]
[BlackElo "2250"]
[WhiteFideId "30953499"]
[BlackFideId "2047322"]
[EventDate "2025.06.03"]

1. c4 c5 2. Nc3 g6 3. g3 Bg7 4. Bg2 Nc6 5. e3 d6 6. Nge2 e5 7. O-O Nge7 8. d4
exd4 9. exd4 cxd4 10. Nb5 O-O 11. Bf4 Be6 12. Rc1 d5 13. Nexd4 Nxd4 14. Nxd4 Bc8
15. Nb5 d4 16. Nc7 g5 17. Nxa8 gxf4 18. Qf3 Ng6 19. Qd5 d3 20. Qxd8 Rxd8 21. Nc7
d2 22. Rcd1 Bg4 23. f3 Bf5 24. Nd5 Bd4+ 25. Kh1 Be3 26. gxf4 Bxf4 27. Nxf4 Nxf4
28. Rf2 Nd3 29. Rfxd2 Nf2+ 30. Kg1 Rxd2 31. Rxd2 Nd3 32. Bh3 Bg6 33. Bf1 Ne5 34.
Kf2 Kf8 35. f4 Ng4+ 36. Kf3 Nxh2+ 37. Rxh2 1-0

[Event "Titled Tue 3rd Jan Late"]
[Site "chess.com INT"]
[Date "2025.06.03"]
[Round "4"]
[White "Mirimanian, Hayk"]
[Black "Holinka, Henning"]
[Result "1-0"]
[WhiteTitle "FM"]
[BlackTitle "FM"]
[WhiteElo "2237"]
[BlackElo "2303"]
[WhiteFideId "4700180"]
[BlackFideId "12967084"]
[EventDate "2025.06.03"]

1. c4 a5 2. Nc3 b6 3. e4 Bb7 4. d4 g6 5. Bd3 Bg7 6. Be3 d6 7. Qd2 e5 8. Nge2 Nc6
9. d5 Nce7 10. O-O f5 11. f4 Bc8 12. fxe5 Bxe5 13. exf5 Bxf5 14. Nd4 Bxd3 15.
Qxd3 Nf6 16. Ne6 Qd7 17. Bg5 Nf5 18. Nb5 Rc8 19. Bxf6 Bxf6 20. g4 c6 21. Rae1
Be5 22. Nxd6+ Qxd6 23. gxf5 Kd7 24. fxg6 hxg6 25. Rf7+ Ke8 26. Qxg6 Bxh2+ 27.
Kf1 1-0

[Event "Titled Tue 3rd Jan Late"]
[Site "chess.com INT"]
[Date "2025.06.03"]
[Round "4"]
[White "Vlassov, Nikolai"]
[Black "Avila, Lucas"]
[Result "1-0"]
[WhiteTitle "IM"]
[WhiteElo "2291"]
[BlackElo "2182"]
[WhiteFideId "4103360"]
[BlackFideId "107751"]
[EventDate "2025.06.03"]

1. e4 e5 2. Bc4 Nc6 3. f4 Bc5 4. Nf3 d6 5. Nc3 Nf6 6. f5 a6 7. d3 Na5 8. Bg5
Nxc4 9. dxc4 c6 10. Qd3 Qa5 11. Bxf6 gxf6 12. Nd2 Bd4 13. Nd1 Qc7 14. Nf3 Ba7
15. Nc3 b5 16. O-O-O Ke7 17. g4 Rd8 18. h4 Qb6 19. Rde1 Bb7 20. g5 Qa5 21. gxf6+
Kxf6 22. Qd2 Ke7 23. Nd5+ 1-0